000 00343pam a2200157a 44500
008 230515b1992 xxu||||| |||| 00| 0 eng d
020 _aNULL
041 _aENGLISH
082 _a630
100 _aIS: 1992
245 _aMETHODS OF TEST FOR SOILS - PART-18
250 _a0
260 _aDELHI
_bISI
_c1992
300 _a18
650 _aNULL
999 _c652595
_d652595